Library of the University of Algiers 3
Ibrahim Sultan Cheibout
شعار جامعة الجزائر 3
مكتبة جامعة الجزائر 3
إبراهيم سلطان شيبوط

النظام الاقليمي العربي : (رقم التسجيلة. 42889)

تفاصيل مارك
000 -LEADER
fixed length control field 03023nam a2200229Ia 4500
003 - CONTROL NUMBER IDENTIFIER
control field Ost
005 - DATE AND TIME OF LATEST TRANSACTION
control field 20260507075110.0
008 - FIXED-LENGTH DATA ELEMENTS--GENERAL INFORMATION
fixed length control field 260507s9999||||xx |||||||||||||| ||und||
020 ## - INTERNATIONAL STANDARD BOOK NUMBER
International Standard Book Number 1007119957
040 ## - CATALOGING SOURCE
Transcribing agency fsecg
041 ## - LANGUAGE CODE
Language code of text/sound track or separate title ara
082 ## - DEWEY DECIMAL CLASSIFICATION NUMBER
Classification number 330
100 ## - MAIN ENTRY--PERSONAL NAME
Personal name فهمي، عبد القادر
Relator term مؤلف
245 #0 - TITLE STATEMENT
Title النظام الاقليمي العربي :
Remainder of title احتمالات و مخاطر التحول نحو الشرق أوسطية /
Statement of responsibility, etc. عبد القادر فهمي
260 ## - PUBLICATION, DISTRIBUTION, ETC.
Place of publication, distribution, etc. عمان:
Name of publisher, distributor, etc. دار وائل للنشر والتوزيع,
Date of publication, distribution, etc. 1999
300 ## - PHYSICAL DESCRIPTION
Extent 190 صفحة؛
Dimensions 24 سم
520 ## - SUMMARY, ETC.
Summary, etc. يحاول كتاب «النظام الإقليمي العربي.. احتمالات ومخاطر التحول نحو الشرق أوسطية» للدكتور عبد القادر فهمي البحث عن الأسباب التي أدت إلى زعزعة وظائف النظام الإقليمي العربي من ناحية والاختلالات التي المت به سواء على الصعيد البنيوي او القيمي من ناحية اخرى. كما يتطرق الكتاب إلى النتائج التي آلت اليها حرب الخليج الثانية وما سبقها من مظاهر الوهن وخصوصا على صعيد العلاقات البينية منها او الاقليمية او الدولية التي تباينت بشكل لم يألفها النظام الاقليمي من قبل، والتغييرات التي شهدها النظام الدولي وانماط تفاعلاته وتوازناته التي ترتبت على اثر انهيار الاتحاد السوفياتي وتفرد الولايات المتحدة كقوة عظمى تمتلك ترسانة عسكرية ونووية متنوعة ومتطورة مما جعلها تفكر في اعادة ترتيب الاقاليم ذات الاهمية الاستراتيجية كالمنطقة العربية بشكل يضمن سيطرتها على مصادر الطاقة والموارد الاولية. ومع ذلك يرى الكاتب ان النظام الاقليمي العربي، رغم عدم اكتمال مؤسساته الرسمية، هو حقيقية تاريخية استقرت في الضمير والوجدان العربيين منذ ان وعى العرب حقيقة كونهم يشكلون امة لها من المقومات الفكرية والحضارية ما يجعل منها «امة متميزة عن بقية الامم الاخرى». وقد كان طرحه للفصول كالتالي : 1- الاطار المفاهيمي للنظام الاقليمي العربي 2- المدخلات المنهجية لمظاهر التحول نحو الشرق أوسطية 3- النظام الشرق أوسطي والمخاطر المترتبة عليه 4- الخيارات المتاحة لدعم النظام الأقليمي العربي .
653 ## - INDEX TERM--UNCONTROLLED
Uncontrolled term الأقليات
653 ## - INDEX TERM--UNCONTROLLED
Uncontrolled term العلاقات الخارجية
653 ## - INDEX TERM--UNCONTROLLED
Uncontrolled term نظام اقليمي
942 ## - ADDED ENTRY ELEMENTS (KOHA)
Koha item type كتب
المقتنيات
Withdrawn status Lost status Source of classification or shelving scheme Damaged status Not for loan Home library Current library Date acquired Serial enumeration / chronology Inventory number Total checkouts Full call number Barcode Date last seen Price effective from Koha item type
    Dewey Decimal Classification   NOT LOAN / إعارة داخلية مكتبة كلية العلوم الإقتصادية والعلوم التجارية وعلوم التسيير مكتبة كلية العلوم الإقتصادية والعلوم التجارية وعلوم التسيير 07/05/2026 الطابق الأرضي 1491/1   أ/1491ن1 1491/1 07/05/2026 07/05/2026 كتب

موارد الويب المفتوحة


© University of Algiers 3 All Rights Reserved
|
Implemented by LECHELAH Riad